000 01012nam a22002651u 4500
001 05949
003 HDC
007 cr bn ---
008 210122p xx fo d 00 engg
040 _aHDC
100 _aAssoc. Prof. Pairat Watcharapun
_96275
245 0 _aHalal Logistic and supply chain linkage potential across the ThaiMalaysian border as a driver of IMT-GT economic development /
_c/ by Assoc. Prof. Pairat Watcharapun
260 _a[No place] :
_b[publisher not identified],
_c2012
300 _a14 pages :
_bIllustrations
336 _atext
_2rdacontent
337 _acomputer
_2rdamedia
338 _aonline resource
_2rdacarrier
650 _aHalal industry
_9144
650 _aHalal Logistics
_9143
650 _aHalal Supply Chain
_zMalaysia
_95731
856 _zRequest full-text at [email protected]
942 _2lcc
942 _cSLIDE
942 _kSLID 000641
999 _c3273
_d3273